All foreign players Udinese Calcio - Statistics

General Stats
  • This quiz has been taken 42 times
  • The average score is 71 of 321
Answer Stats
Hint Answer % Correct
Alexis Sánchez
79%
Roberto Pereyra
79%
Cristián Zapata
76%
Duván Zapata
76%
Enzo Ebosse
76%
Alexis Zapata
74%
Festy Ebosele
74%
Gerard Deulofeu
74%
Rodrigo De Paul
74%
Samir Handanovič
74%
Juan Cuadrado
71%
Luis Muriel
71%
Sandi Lovrič
68%
Kwadwo Asamoah
65%
Pablo Armero
65%
Florian Thauvin
62%
Hassane Kamara
62%
Walace
62%
Christian Kabasele
59%
Kingsley Ehizibue
59%
Mauricio Isla
59%
Cyril Théréau
56%
Isaac Success
56%
Jaka Bijol
56%
Jordan Zemura
56%
Lazar Samardžić
56%
Maduka Okoye
56%
Nahuel Molina
56%
Nehuén Pérez
56%
Silvan Widmer
56%
Beto
53%
Emmanuel Agyemang-Badu
53%
Gökhan Inler
53%
Zico
53%
Ali Adnan
50%
Bruno Fernandes
50%
Rodrigo Becão
50%
Oliver Bierhoff
47%
Zarraga
47%
Adam Masina
44%
Bram Nuytinck
44%
Brenner
44%
Keinan Davis
44%
Maicosuel
44%
Maxi López
44%
Medhi Benatia
44%
Sulley Ali Muntari
44%
Allan
41%
Dušan Basta
41%
Ilija Nestorovski
41%
Martín Payero
41%
Nicolás López
41%
Tolgay Arslan
41%
Valon Behrami
41%
Abdoulaye Camara
38%
Danilo
38%
David Pizarro
38%
Esteban Lopez
38%
Etienne Camara
38%
Gelson Fernandes
38%
Jakub Jankto
38%
Jens Stryger Larsen
38%
Juan Musso
38%
Orestis Karnezis
38%
Pape Dia
38%
Piotr Zieliński
38%
Gabriel Silva
35%
Germán Denis
35%
Łukasz Teodorczyk
35%
Marek Jankulovski
35%
Mato Jajalo
35%
William Troost-Ekong
35%
Željko Brkić
35%
Emil Hallfreðsson
32%
Felipe
32%
James Abankwah
32%
Joachim Fernandez
32%
Ken Sema
32%
Seko Fofana
32%
Thomas Kristensen
32%
Almen Abdi
29%
Antonín Barák
29%
Ignacio Pussetto
29%
Martin Jørgensen
29%
Odion Ighalo
29%
Pablo Marí
29%
Panagiotis Kone
29%
Sebastien De Maio
29%
Stipe Perica
29%
Amoroso
26%
Axel Guessand
26%
Brandon Soppy
26%
Cristian Díaz
26%
Gonzalo Martínez
26%
João Ferreira
26%
Marvin Zeegelaar
26%
Stephan Appiah
26%
Thomas Heurtaux
26%
Abdoulwhaid Sissoko
24%
Abel Balbo
24%
Alejandro Da Silva
24%
Alexander Merkel
24%
Fernando Llorente
24%
Igor Bubnjić
24%
Ivan Kelava
24%
Jean-Victor Makengo
24%
Joel Ekstrand
24%
Matěj Vydra
24%
Mohamadou Sissoko
24%
Per Krøldrup
24%
Rijad Bajić
24%
Vivaldo Semedo
24%
Albano Bizzarri
21%
Andrija Balić
21%
Asamoah Gyan
21%
Barreto
21%
Darwin Machís
21%
Diego Rodríguez
21%
Felipe Vizeu
21%
Hidde Ter Avest
21%
Iván Piris
21%
Jayden Braaf
21%
Marley Aké
21%
Mathias Ranégie
21%
Rafael Romo
21%
Sergio Almirón
21%
Zdravko Kuzmanović
21%
Al-Saadi Gaddafi
18%
Antonio Tikvić
18%
Carsten Jancker
18%
Claudio David Vargas
18%
Cristo
18%
Domingos Quina
18%
Edenilson
18%
Edinho
18%
Filip Benković
18%
Gabriel Torje
18%
Guilherme
18%
Henok Goitom
18%
Leonardo Buta
18%
Mamadou Coulibaly
18%
Matheus Martins
18%
Neuton
18%
Nicholas Opoku
18%
Roberto Sensini
18%
Roberto Sosa
18%
Svante Ingelsson
18%
Thomas Helveg
18%
Adalberto Peñaranda
15%
Ben Wilmot
15%
Chris Obodo
15%
David Pejičić
15%
Erling Sørensen
15%
Francisco Sierralta
15%
Johan Walem
15%
Kurt Andersson
15%
Martin Palumbo
15%
Mauro Navas
15%
Molla Wagué
15%
Nícolas
15%
Petar Mićin
15%
Ryder Matos
15%
Samuel Caballero
15%
Sandro
15%
Sebastian Prödl
15%
Sven Kums
15%
Thomas Ouwejan
15%
Vidigal
15%
Vincent Candela
15%
Abdul Issah
12%
Albert Riera
12%
Aleksandar Luković
12%
Aly Mallé
12%
Anthony Basso
12%
Delio Toledo
12%
Douglas Santos
12%
Emanuel Insúa
12%
Emílson Cribari
12%
Ergün Berisha
12%
Ewandro
12%
Fernando Tissone
12%
Franck Djoulou
12%
Gaspar Iñíguez
12%
Geijo
12%
Gerónimo Barbadillo
12%
Hassan Yebda
12%
Ivo Šurjak
12%
Jan Koprivec
12%
Jan Kubala
12%
Lucas Castromán
12%
Lucas Evangelista
12%
Mak Varešanović
12%
Manuel Iturra
12%
Marek Koźmiński
12%
Matías Campos Toro
12%
Matías Ramírez
12%
Miloš Bočić
12%
Nabil Jaadi
12%
Naldo
12%
Panos Armenakas
12%
Pervis Estupiñán
12%
Robson Toledo
12%
Rodrigo Aguirre
12%
Roman Eremenko
12%
Samir De Souza
12%
Siqueira
12%
Tomáš Zápotočný
12%
Willians
12%
Xabier Santos
12%
Abel Aguilar
9%
Adil Ramzi
9%
Alain Nef
9%
Alberto Valentim
9%
Alemão
9%
Allan Gaarde
9%
Andreas Landgren
9%
Antonio Vutov
9%
Bor Žunec
9%
Carlos Pavón
9%
Diego Gavilán
9%
Dioni
9%
Eli Louhenapessy
9%
Feliciano Magro
9%
Filip Vaško
9%
Frano Mlinar
9%
Giuseppe Gemiti
9%
Hamdi Harbaoui
9%
Harald Wapenaar
9%
Hazem Emam
9%
Henry Van Der Vegt
9%
Igor Shalimov
9%
Jádson
9%
Jani Virtanen
9%
Jean-Alain Fanchone
9%
Jorginho Paulista
9%
José Devaca
9%
José Montiel
9%
Juan Surraco
9%
Julio Gutiérrez
9%
Luis Helguera
9%
Luis Ndreu
9%
Marcos Paulo
9%
Marquinho
9%
Masahudu Alhassan
9%
Massimo Margiotta
9%
Mauricio Pineda
9%
Melker Hallberg
9%
Mohammed Gargo
9%
Moreno
9%
Morten Bisgaard
9%
Niki Zimling
9%
Nikola Vujadinović
9%
Olivier Renard
9%
Patrick Beneforti
9%
Patrik Fredholm
9%
Paweł Bochniewicz
9%
Per Bredesen
9%
Régis Génaux
9%
Ricardo Chará
9%
Ritchie Kitoko
9%
Sakari Mattila
9%
Samuel John Nwachukwu
9%
Sanda Sanda
9%
Saulo
9%
Schumacher
9%
Siyabonga Nomvethe
9%
Steve Beleck
9%
Thierry Doubaï
9%
Thomas Thorninger
9%
Tomáš Sivok
9%
Warley
9%
Wojciech Pawłowski
9%
Yrondu Musavu-King
9%
Zlatan Muslimović
9%
Abdul-Aziz Tetteh
6%
Acuña
6%
Alexandre Coeff
6%
Allan Nyom
6%
Arne Selmosson
6%
Assane Gnoukouri
6%
Bengt Lindskog
6%
Bruno Zago
6%
Daniel Bertoni
6%
Dariusz Adamczuk
6%
David Limberský
6%
Denis Mendoza
6%
Dimitris Nalitzis
6%
Fabián Orellana
6%
Fabio Pittilino
6%
Federico Laurito
6%
Felipe Sodinha
6%
Gallego
6%
Gustavo Araújo
6%
György Kanyaurek
6%
Herbert Neumann
6%
Igor Đurić
6%
Isaac
6%
Ivan Prtajin
6%
Jaime
6%
Johannes Pløger
6%
Jo Inge Berget
6%
József Ging
6%
Juarez
6%
László Szőke
6%
Leandro Caruso
6%
Leif Mortensen
6%
Lucio Filomeno
6%
Luis Pentrelli
6%
Matija Radikon
6%
Nicolás Crovetto
6%
Orlando Lelé
6%
Paddy Sloan
6%
Piotr Czachowski
6%
Roberto Codromaz
6%
Rodrigo Defendi
6%
Roman Schramseis
6%
Tom Syku
6%
Toni Bernal
6%
Uche Agbo
6%
Viktor Budyanskiy
6%
Winston Parks
6%
No matching quizzes found
Score Distribution
Percent of People with Each Score
Percentile by Number Answered
Your Score History
You have not taken this quiz